North America Decoder - Statistics

General Stats
  • This quiz has been taken 260 times
  • The average score is 14 of 29
Answer Stats
Hint Answer % Correct
U Mormon state Utah
92%
T Canadian Prime Minister (last name) Trudeau
86%
W What Trump will build between Mexico and the US Wall
82%
L Sin City Las Vegas
80%
N Birthplace of jazz New Orleans
76%
A ... and Barbuda Antigua
74%
A City with the busiest airport Atlanta
69%
A Biggest city of New Mexico Albuquerque
68%
G Freshwater lakes on the Canada-US border Great Lakes
63%
C Sea southeast of the Gulf of Mexico Caribbean Sea
62%
E City home to the Oilers Edmonton
58%
Final location New England
57%
N One of Columbus' ships Niña
56%
P Rose Bowl city Pasadena
53%
Y Mexican peninsula (Mérida, Cancún) Yucatan
53%
B Canada's largest island Baffin Island
47%
N Newest Canadian territory Nunavut
47%
R Best-known person from Barbados Rihanna
45%
A One of the ABC islands Aruba
39%
N Largest lake in Central America Nicaragua
35%
Final location Punta Cana
29%
E Canada's third largest island Ellesmere Island
20%
B Northernmost city in the US Barrow
17%
D Region between Panama and Colombia without roads Darién
14%
N Language historically known as Aztec Nahuatl
11%
Final location Burnaby
7%
N Most populous island of the Bahamas New Providence
7%
U Mexico, officially United Mexican States
7%
A Biggest island of the Bahamas Andros
6%
No matching quizzes found
Score Distribution
Percent of People with Each Score
Percentile by Number Answered
Your Score History
You have not taken this quiz